<?xml version="1.0" encoding="UTF-8"?>
<record
    xmlns:xsi="http://www.w3.org/2001/XMLSchema-instance"
    xsi:schemaLocation="http://www.loc.gov/MARC21/slim http://www.loc.gov/standards/marcxml/schema/MARC21slim.xsd"
    xmlns="http://www.loc.gov/MARC21/slim">

  <leader>01594nas a2200277Ia 4500</leader>
  <controlfield tag="001">R382-R7919</controlfield>
  <controlfield tag="003">IT-CnALBA</controlfield>
  <controlfield tag="008">170116c99999999xx ||||||||||||   ||und||</controlfield>
  <datafield tag="040" ind1=" " ind2=" ">
    <subfield code="a">IT-CnALBA</subfield>
    <subfield code="c">IT-CnALBA</subfield>
  </datafield>
  <datafield tag="041" ind1=" " ind2=" ">
    <subfield code="a">ITALIANO</subfield>
  </datafield>
  <datafield tag="100" ind1=" " ind2=" ">
    <subfield code="a">NATALI LORENZO</subfield>
  </datafield>
  <datafield tag="210" ind1=" " ind2=" ">
    <subfield code="a">COMUNIT&#xC0; EUROPEE</subfield>
  </datafield>
  <datafield tag="222" ind1=" " ind2=" ">
    <subfield code="a">COMUNIT&#xC0; EUROPEE</subfield>
  </datafield>
  <datafield tag="245" ind1=" " ind2="0">
    <subfield code="a">COMUNIT&#xC0; EUROPEE. SETTEMBRE-OTTOBRE 1980. MERCATO COMUNE CECA EURATOM. L'EUROPEO E I SUOI FIGLI. </subfield>
  </datafield>
  <datafield tag="250" ind1=" " ind2=" ">
    <subfield code="a">1a ed.</subfield>
  </datafield>
  <datafield tag="260" ind1=" " ind2=" ">
    <subfield code="a"> ROMA</subfield>
    <subfield code="b">PALOMBI FRATELLI EDITORI </subfield>
    <subfield code="c">1980 [1&#xB0; Ed.:1980 - Ed.Ling.Originale: 1980]</subfield>
  </datafield>
  <datafield tag="300" ind1=" " ind2=" ">
    <subfield code="a">32 p. </subfield>
  </datafield>
  <datafield tag="310" ind1=" " ind2=" ">
    <subfield code="a">MENSILE</subfield>
  </datafield>
  <datafield tag="362" ind1=" " ind2=" ">
    <subfield code="a">Fascicolo: 9-10 / Anno: 26 (1980)</subfield>
  </datafield>
  <datafield tag="500" ind1=" " ind2=" ">
    <subfield code="a">NUOVE ADESIONI E RILANCIO EUROPEO. TEMPO DI RIFORMA. BILANCIO DEL 1980. LA FAME E LA PACE. L'EUROPA UN PUNTO FERMO. MINISTRO DEGLI ESTERI DEL LUSSEMBURGO. LA GROENLANDIA E LA COMUNIT&#xC0; EUROPEA. L'EUROPA DEL 1979. L'EUROPEO E I SUOI FIGLI. L'EUROPA DI FERNAND BRAUDEL. STRASSER D. BRANDT W. GIORGIO L. PATTERSON L. LOLLI E. CORRADO S. GRAMAGLIA G. ANOUIL G. </subfield>
  </datafield>
  <datafield tag="501" ind1=" " ind2=" ">
    <subfield code="a">Societ&#xE0; San Paolo EM - Piazza San Paolo, 14 - 12051 ALBA (CN)  (non commercial uses only) &#xAE; Copyright 2017</subfield>
  </datafield>
  <datafield tag="520" ind1=" " ind2=" ">
    <subfield code="a">NUOVE ADESIONI E RILANCIO EUROPEO. TEMPO DI RIFORMA. BILANCIO DEL 1980. LA FAME E LA PACE. L'EUROPA UN PUNTO FERMO. MINISTRO DEGLI ESTERI DEL LUSSEMBURGO. LA GROENLANDIA E LA COMUNIT&#xC0; EUROPEA. L'EUROPA DEL 1979. L'EUROPEO E I SUOI FIGLI. L'EUROPA DI FERNAND BRAUDEL. STRASSER D. BRANDT W. GIORGIO L. PATTERSON L. LOLLI E. CORRADO S. GRAMAGLIA G. ANOUIL G. </subfield>
  </datafield>
  <datafield tag="650" ind1=" " ind2=" ">
    <subfield code="a">MERCATO INTERNAZIONALE</subfield>
  </datafield>
  <datafield tag="942" ind1=" " ind2=" ">
    <subfield code="c">CR</subfield>
  </datafield>
  <datafield tag="957" ind1=" " ind2=" ">
    <subfield code="7">1</subfield>
  </datafield>
  <datafield tag="999" ind1=" " ind2=" ">
    <subfield code="a">59486</subfield>
    <subfield code="b">NO</subfield>
    <subfield code="g">1</subfield>
    <subfield code="c">326513</subfield>
    <subfield code="d">326513</subfield>
  </datafield>
  <datafield tag="952" ind1=" " ind2=" ">
    <subfield code="0">0</subfield>
    <subfield code="1">0</subfield>
    <subfield code="4">0</subfield>
    <subfield code="6">R_382R7919</subfield>
    <subfield code="7">1</subfield>
    <subfield code="a">ALBA</subfield>
    <subfield code="b">ALBA</subfield>
    <subfield code="d">2017-01-16</subfield>
    <subfield code="l">0</subfield>
    <subfield code="o">R382-R7919</subfield>
    <subfield code="r">2017-01-16 00:00:00</subfield>
    <subfield code="w">2017-01-16</subfield>
    <subfield code="y">CR</subfield>
    <subfield code="z">(data import: 16 gennaio 2017) - By Epidotti, Vaglietti. </subfield>
  </datafield>
</record>
